| 000 | 01476nkm a2200325 i 4500 | ||
|---|---|---|---|
| 001 | 4185 | ||
| 003 | ES-MaACL | ||
| 005 | 20250713062943.0 | ||
| 007 | khrbo | ||
| 008 | 070629s1987 sp --- g |001||spa d | ||
| 100 | 0 |
_aAlfonso, _d1902-1990 _919858 |
|
| 245 | 1 | 0 |
_aSabra y Chatila en la prensa internacional [ _hFotografía] / _cAlfonso (sello). |
| 260 |
_a[S.l. : _bs.n.], _c1987. |
||
| 300 |
_a2 fot. : _bb. y n. ; _c12 x 18 cm. |
||
| 490 | 1 | _aDía Internacional de solidaridad con el pueblo palestino | |
| 500 | _aDatos basados en invitación. | ||
| 511 | 0 | _aIntervienen: María Angeles Espinosa, Luis Reyes, Manuel Azcárate, un representante de la O.L.P. ; modera: Clara López de Letona. | |
| 518 | _aActo organizado por el Ateneo de Madrid en colaboración con "Paz y Cooperación", celebrado en el salón de actos el lunes, 21 de diciembre de 1987, a las 19:30 h. | ||
| 600 | 1 | 4 |
_aEspinosa, María Angeles. _947893 |
| 600 | 1 | 4 |
_aReyes, Luis. _996569 |
| 600 | 1 | 4 |
_aAzcárate, Manuel. _924247 |
| 600 | 1 | 4 |
_aLópez de Letona, Clara. _973566 |
| 610 | 2 | 4 |
_aAteneo de Madrid- _xActos culturales- _y1987- _vFotografías. _91902 |
| 710 | 2 |
_aAteneo de Madrid. _91875 |
|
| 710 | 2 |
_aPaz y Cooperación (Asociación) _96201 |
|
| 830 | 0 |
_aDía Internacional de solidaridad con el pueblo palestino _9177017 |
|
| 852 |
_aES-MaACL _jFOT 250/1987 |
||
| 856 | 4 |
_uhttp://www.ateneodemadrid.net/biblioteca_digital/imagenes/1987/0250-1987.jpg _zVer imagen |
|
| 999 |
_c4185 _d4185 |
||